Mathematics of finance (Record no. 543643)
[ view plain ]
| 000 -LEADER | |
|---|---|
| fixed length control field | 00534cam a2200169 4500 |
| 082 ## - DEWEY DECIMAL CLASSIFICATION NUMBER | |
| Classification number | 510.332 |
| Author Mark | HUM |
| -- | L-2, P-32 |
| 100 1# - MAIN ENTRY--PERSONAL NAME | |
| Personal name | Hummel, Paul Matthew, |
| 9 (RLIN) | 39082 |
| 245 10 - TITLE STATEMENT | |
| Title | Mathematics of finance |
| Statement of responsibility, etc. | by Paul M. Hummel and Charles L. Seebeck. |
| 250 ## - EDITION STATEMENT | |
| Edition statement | 1st ed. |
| 260 ## - PUBLICATION, DISTRIBUTION, ETC. | |
| Place of publication, distribution, etc. | New York, |
| Name of publisher, distributor, etc. | McGraw-Hill Book Co., |
| Date of publication, distribution, etc. | 1948. |
| 300 ## - PHYSICAL DESCRIPTION | |
| Extent | xi, 365 p. |
| Other physical details | tables |
| Dimensions | 24 cm. |
| 526 ## - STUDY PROGRAM INFORMATION NOTE | |
| Program name | 0 |
| Interest level | 0 |
| Reading level | 0 |
| Title point value | 510_332000000000000_HUM |
| 650 #0 - SUBJECT ADDED ENTRY--TOPICAL TERM | |
| Topical term or geographic name entry element | Business mathematics. |
| 9 (RLIN) | 39083 |
| 650 #0 - SUBJECT ADDED ENTRY--TOPICAL TERM | |
| Topical term or geographic name entry element | MCE |
| 9 (RLIN) | 379 |
| 700 1# - ADDED ENTRY--PERSONAL NAME | |
| Personal name | Seebeck, Charles L., |
| 9 (RLIN) | 39084 |
| 942 ## - ADDED ENTRY ELEMENTS (KOHA) | |
| Source of classification or shelving scheme | |
| Koha item type | Book |
| Withdrawn status | Lost status | Source of classification or shelving scheme | Damaged status | Not for loan | Permanent Location | Current Location | Date acquired | Total Checkouts | Full call number | Barcode | Date last seen | Price effective from | Koha item type |
|---|---|---|---|---|---|---|---|---|---|---|---|---|---|
| Military College of Engineering (MCE) | Military College of Engineering (MCE) | 03/28/2014 | 510.332 HUM | MCE-29138 | 03/28/2014 | 03/28/2014 | Book |
